[Event "10th Asrian Memorial 2017"]
[Site "Yerevan ARM"]
[Date "2017.06.26"]
[Round "6.3"]
[White "Maghsoodloo, Parham"]
[Black "Smirnov, Pavel"]
[Result "1/2-1/2"]
[WhiteTitle "GM"]
[BlackTitle "GM"]
[WhiteElo "2584"]
[BlackElo "2589"]
[WhiteFideId "12539929"]
[BlackFideId "4123425"]
[EventDate "2017.06.21"]

1. Nf3 Nf6 2. g3 d5 3. Bg2 e6 4. O-O Be7 5. d3 O-O 6. Nbd2 c5 7. e4 Nc6 8. Re1
dxe4 9. dxe4 e5 10. c3 Qc7 11. Qe2 Rd8 12. Nc4 h6 13. Nh4 Be6 14. Ne3 c4 15.
Nhf5 Bf8 16. Qf3 Ne8 17. Nd5 Qd7 18. h4 f6 19. Be3 Qf7 20. h5 Nd6 21. Nxd6 Rxd6
22. Qe2 f5 23. Bc5 Rdd8 24. Bxf8 Rxf8 25. Rad1 f4 26. Qxc4 fxg3 27. fxg3 Qf2+
28. Kh2 Rf3 29. Rf1 Qxg3+ 30. Kg1 Rxf1+ 31. Rxf1 Kh8 32. Rf3 Qg5 33. Qc5 Rg8 34.
b4 a6 35. a4 Qxh5 36. b5 axb5 37. axb5 Nd8 38. Nf4 Qg5 39. Qxe5 Qxe5 40. Ng6+
Kh7 41. Nxe5 Re8 42. Rf1 Bb3 43. Nd7 Bc4 44. Rb1 Ne6 45. Rb4 Bd3 46. Kf2 Re7 47.
Nb6 Rf7+ 48. Ke3 Bf1 49. Bf3 Ng5 50. Bd1 g6 51. Nd5 h5 52. e5 Rf5 53. Nf6+ Kg7
54. Nd7 Kf7 55. Bc2 Rf3+ 56. Kd2 Ke6 57. Nc5+ Kxe5 58. Bxg6 h4 59. Rxh4 Bxb5 60.
Nxb7 Rf6 61. Rb4 Bc6 62. Bd3 Rf2+ 63. Ke3 Rf3+ 64. Ke2 Rh3 65. Nc5 Kd6 66. Nb3
Ne6 67. Na5 Bd5 68. Nc4+ Bxc4 69. Rxc4 Nc5 70. Bc2 Rh2+ 71. Kd1 Rh1+ 72. Kd2
Rh2+ 73. Kc1 Kd5 74. Rg4 Rf2 75. Bh7 Nb3+ 76. Kd1 Nc5 77. Rg5+ Kc6 78. Bg8 Kb5
79. Rg4 Na4 80. Ke1 Rb2 81. Bc4+ Kb6 82. Rg8 Rh2 83. Rg3 Rb2 84. Bf7 1/2-1/2

[Event "10th Asrian Memorial 2017"]
[Site "Yerevan ARM"]
[Date "2017.06.26"]
[Round "6.4"]
[White "Martirosyan, Haik M."]
[Black "Bortnyk, Olexandr"]
[Result "1-0"]
[WhiteTitle "IM"]
[BlackTitle "GM"]
[WhiteElo "2516"]
[BlackElo "2580"]
[WhiteFideId "13306553"]
[BlackFideId "14120828"]
[EventDate "2017.06.21"]

1. d4 Nf6 2. c4 b6 3. Nc3 Bb7 4. f3 d5 5. cxd5 Nxd5 6. e4 Nxc3 7. bxc3 e6 8. Be3
Nd7 9. Bd3 c5 10. Ne2 Be7 11. O-O O-O 12. a4 a6 13. Rb1 Qc7 14. Bf4 Qc6 15. d5
exd5 16. exd5 Qf6 17. d6 Bd8 18. Qc2 Kh8 19. Be4 Bxe4 20. Qxe4 Ra7 21. c4 Qe6
22. Nc3 Qxe4 23. Nxe4 f5 24. Nc3 g5 25. Bg3 f4 26. Bf2 Ne5 27. a5 Nxc4 28. axb6
Rb7 29. Ne4 Rxb6 30. Bxc5 Rb5 31. Rxb5 axb5 32. Rb1 Kg7 33. Rxb5 Rf7 34. Rb4 Na5
35. Bd4+ Kg6 36. Rb8 Rd7 37. Ra8 Kf5 38. Ra6 Nb3 39. Bb6 h6 40. Bxd8 Rxd8 41.
Ra7 Nd4 42. Rf7+ Kg6 43. Re7 Nf5 44. Ra7 Ne3 45. d7 Kf7 46. Nc5 Nd5 47. Kf2 Ke7
48. Ke2 Nb4 49. Ra4 Nd5 50. Kd3 Rb8 51. Re4+ Kd6 52. d8=Q+ 1-0

[Event "10th Asrian Memorial 2017"]
[Site "Yerevan ARM"]
[Date "2017.06.26"]
[Round "6.5"]
[White "Sengupta, Deep"]
[Black "Kotanjian, Tigran"]
[Result "0-1"]
[WhiteTitle "GM"]
[BlackTitle "GM"]
[WhiteElo "2594"]
[BlackElo "2486"]
[WhiteFideId "5008352"]
[BlackFideId "13301250"]
[EventDate "2017.06.21"]

1. e4 c5 2. Nf3 Nc6 3. Bb5 g6 4. Bxc6 bxc6 5. O-O Bg7 6. Re1 Nh6 7. h3 O-O 8. c3
Kh8 9. d4 Qb6 10. b3 cxd4 11. cxd4 c5 12. Be3 cxd4 13. Bxd4 Bxd4 14. Nxd4 Bb7
15. Nc3 Ng8 16. Na4 Qd6 17. b4 Rab8 18. Nc5 Ba8 19. a3 Rfd8 20. Ra2 Qb6 21. Na4
Qa6 22. Nc5 Qb6 23. Na4 Qa6 24. Qb3 Rdc8 25. Rc2 Rxc2 26. Nxc2 d6 27. Nc3 Rc8
28. b5 Qb6 29. Re3 Kg7 30. Na4 Qb8 31. f3 Nf6 32. Rc3 d5 33. e5 Nd7 34. e6 fxe6
35. Nd4 Kf7 36. Rxc8 Qxc8 37. Qc3 Qxc3 38. Nxc3 e5 39. Nc6 Bxc6 40. bxc6 Nb6 41.
Nb5 Nc8 42. Nc7 e6 43. Nb5 Ke7 44. Kf2 Kd8 45. Ke2 a6 46. Nc3 Kc7 47. Na2 Nd6
48. Nb4 a5 49. Nd3 Nc4 50. Nc5 Kxc6 51. Nxe6 Nxa3 52. Kd3 Nc4 53. f4 Kd6 54. Ng5
e4+ 55. Kd4 a4 56. Kc3 a3 57. Kb3 e3 58. Nf3 Nd2+ 0-1

[Event "10th Asrian Memorial 2017"]
[Site "Yerevan ARM"]
[Date "2017.06.26"]
[Round "6.6"]
[White "Chibukhchian, Artur"]
[Black "Andriasian, Zaven"]
[Result "0-1"]
[WhiteTitle "GM"]
[BlackTitle "GM"]
[WhiteElo "2412"]
[BlackElo "2622"]
[WhiteFideId "13300717"]
[BlackFideId "13302000"]
[EventDate "2017.06.21"]

1. d4 Nf6 2. Nf3 g6 3. Bg5 Bg7 4. Nbd2 d6 5. h3 h6 6. Bf4 Nc6 7. c3 e5 8. dxe5
Nd5 9. Bg3 dxe5 10. e4 Nf4 11. Nc4 Qe7 12. Ne3 O-O 13. Qc2 Be6 14. Bb5 Nb4 15.
Qb1 a6 16. a3 axb5 17. cxb4 Qf6 18. Nh4 Qg5 19. Qc2 Ra6 20. O-O Rc6 21. Qd1 Rd8
22. Qe1 Qh5 23. Ng4 Bxg4 24. hxg4 Qxg4 25. Nf3 Rc4 26. Bxf4 exf4 27. Rd1 Re8 28.
e5 Qf5 29. Qe2 c6 30. Rfe1 g5 31. Nd4 Qg6 32. Qg4 Rxe5 33. Rxe5 Bxe5 34. Qc8+
Kh7 35. Nf3 Bf6 36. b3 Rc3 37. Qxb7 g4 38. Ne1 f3 39. Qc7 fxg2 40. Nxg2 g3 41.
fxg3 Rxg3 42. Rd2 Bd4+ 43. Kh2 Rxg2+ 0-1

[Event "10th Asrian Memorial 2017"]
[Site "Yerevan ARM"]
[Date "2017.06.26"]
[Round "6.7"]
[White "Vignesh, N R"]
[Black "Pashikian, Arman"]
[Result "1/2-1/2"]
[WhiteTitle "IM"]
[BlackTitle "GM"]
[WhiteElo "2450"]
[BlackElo "2603"]
[WhiteFideId "25012215"]
[BlackFideId "13301578"]
[EventDate "2017.06.21"]

1. e4 e5 2. Nf3 Nc6 3. Nc3 Nf6 4. d4 exd4 5. Nxd4 Bb4 6. Nxc6 bxc6 7. Bd3 d5 8.
exd5 O-O 9. O-O cxd5 10. Bg5 Be6 11. Qf3 h6 12. Bxf6 Qxf6 13. Qxf6 gxf6 14. Ne2
c5 15. c3 Ba5 16. Rfd1 Rfc8 1/2-1/2

[Event "10th Asrian Memorial 2017"]
[Site "Yerevan ARM"]
[Date "2017.06.26"]
[Round "6.8"]
[White "Postny, Evgeny"]
[Black "Danielian, Elina"]
[Result "1-0"]
[WhiteTitle "GM"]
[BlackTitle "GM"]
[WhiteElo "2580"]
[BlackElo "2451"]
[WhiteFideId "2804344"]
[BlackFideId "13300210"]
[EventDate "2017.06.21"]

1. d4 Nf6 2. c4 e6 3. Nf3 b6 4. g3 Bb4+ 5. Bd2 Be7 6. Bg2 Bb7 7. Nc3 c6 8. O-O
d5 9. Bf4 dxc4 10. Ne5 Nd5 11. Nxc4 Nxf4 12. gxf4 Nd7 13. Rc1 O-O 14. e3 Qc7 15.
a3 Rad8 16. Qf3 Ba8 17. Qh3 Qb8 18. b4 c5 19. dxc5 bxc5 20. b5 Nb6 21. Ne5 Nd5
22. Nxd5 exd5 23. Nd7 Qxb5 24. Nxf8 Bxf8 25. Qh4 Rd6 26. Rb1 Qe8 27. f5 Rh6 28.
Qg3 Bd6 29. f4 Rf6 30. Rbd1 c4 31. Bxd5 Bc5 32. Bxa8 Qxa8 33. Qf3 Qe8 34. Kh1
Rxf5 35. e4 Rf6 36. Rc1 h6 37. Rxc4 Qb5 38. Rfc1 Bb6 39. e5 Rg6 40. f5 Rg1+ 41.
Rxg1 Qxc4 42. Re1 Ba5 43. Qe4 Qb5 44. Rb1 Qc5 45. e6 Bd8 46. Re1 Be7 47. f6 gxf6
48. Rg1+ 1-0

[Event "10th Asrian Memorial 2017"]
[Site "Yerevan ARM"]
[Date "2017.06.27"]
[Round "7.1"]
[White "Kovalenko, Igor"]
[Black "Martirosyan, Haik M."]
[Result "0-1"]
[WhiteTitle "GM"]
[BlackTitle "IM"]
[WhiteElo "2656"]
[BlackElo "2516"]
[WhiteFideId "14117908"]
[BlackFideId "13306553"]
[EventDate "2017.06.21"]

1. c4 Nf6 2. Nf3 c5 3. Nc3 e6 4. e3 d5 5. d4 a6 6. cxd5 exd5 7. Be2 Nc6 8. Ne5
Bd6 9. Nxc6 bxc6 10. dxc5 Bxc5 11. O-O O-O 12. b3 Bd6 13. Bb2 Be6 14. Rc1 Be5
15. Qc2 Qb8 16. f4 Bxc3 17. Qxc3 Qb6 18. Rf3 c5 19. Rg3 d4 20. exd4 c4 21. Qc2
cxb3 22. Qc5 Rab8 23. Rxg7+ Kh8 24. Rg3 bxa2 25. Qg5 Ng4 26. Ba1 f6 27. Qc5 Rfc8
28. Bxg4 Bxg4 29. Rxg4 Rxc5 30. dxc5 Qe6 31. Rg3 Rb1 32. Rf1 Rxf1+ 0-1

[Event "10th Asrian Memorial 2017"]
[Site "Yerevan ARM"]
[Date "2017.06.27"]
[Round "7.2"]
[White "Zubov, Alexander"]
[Black "Kotanjian, Tigran"]
[Result "0-1"]
[WhiteTitle "GM"]
[BlackTitle "GM"]
[WhiteElo "2612"]
[BlackElo "2486"]
[WhiteFideId "14109409"]
[BlackFideId "13301250"]
[EventDate "2017.06.21"]

1. Nf3 Nf6 2. d4 d5 3. c4 e6 4. e3 Be7 5. b3 O-O 6. Bd3 b6 7. O-O Bb7 8. Bb2
Nbd7 9. Nc3 c5 10. Qe2 cxd4 11. exd4 Re8 12. Rad1 Bf8 13. Ne5 a6 14. f4 g6 15.
Kh1 Bg7 16. a4 Qc7 17. Rc1 dxc4 18. bxc4 Rad8 19. Ba3 Bh6 20. Rcd1 Nh5 21. Qe3
f6 22. Nxd7 Rxd7 23. d5 Bxf4 24. Qh3 exd5 25. Nxd5 Bxd5 26. cxd5 Rxd5 27. g4 Re3
28. Qg2 Rexd3 29. Rxd3 Rxd3 30. gxh5 Rxa3 31. hxg6 Bg5 32. h4 Rxa4 33. Qd5+ Kg7
34. hxg5 Rh4+ 35. Kg2 Qh2+ 36. Kf3 Rh3+ 0-1

[Event "10th Asrian Memorial 2017"]
[Site "Yerevan ARM"]
[Date "2017.06.27"]
[Round "7.3"]
[White "Postny, Evgeny"]
[Black "Melkumyan, Hrant"]
[Result "1/2-1/2"]
[WhiteTitle "GM"]
[BlackTitle "GM"]
[WhiteElo "2580"]
[BlackElo "2624"]
[WhiteFideId "2804344"]
[BlackFideId "13302485"]
[EventDate "2017.06.21"]

1. d4 d5 2. c4 e6 3. Nf3 Nf6 4. Nc3 c5 5. cxd5 Nxd5 6. e4 Nxc3 7. bxc3 cxd4 8.
cxd4 Bb4+ 9. Bd2 Bxd2+ 10. Qxd2 O-O 11. Bc4 b6 12. O-O Nd7 13. a4 Bb7 14. Bd3
Nf6 15. Rfe1 h6 16. a5 bxa5 17. Rxa5 Qc7 18. Rc1 Qe7 19. Qe1 Rfc8 20. Rxc8+ Bxc8
21. Qa1 a6 22. Nd2 Qb4 23. Nc4 Rb8 24. Ra4 Qb3 25. Ra3 Qb4 26. f3 Bd7 27. Ne5
Qd2 28. Nc4 Qb4 29. Qc3 Qxc3 30. Rxc3 Rc8 31. Ra3 Bb5 32. Ne5 Ne8 33. Bxb5 axb5
34. Ra7 f5 35. exf5 exf5 36. Rb7 Nd6 37. Rb6 Nc4 38. Rxb5 Nxe5 39. dxe5 Kf7 40.
Rb7+ Ke6 41. Rxg7 Kxe5 42. Rg6 h5 43. Rh6 Kf4 44. h4 Kg3 45. Rg6+ Kxh4 46. f4
Rc1+ 47. Kf2 Rc2+ 48. Kg1 Rc1+ 49. Kh2 Rh1+ 50. Kxh1 1/2-1/2

[Event "10th Asrian Memorial 2017"]
[Site "Yerevan ARM"]
[Date "2017.06.27"]
[Round "7.4"]
[White "Andriasian, Zaven"]
[Black "Zhigalko, Andrey"]
[Result "0-1"]
[WhiteTitle "GM"]
[BlackTitle "GM"]
[WhiteElo "2622"]
[BlackElo "2563"]
[WhiteFideId "13302000"]
[BlackFideId "13502247"]
[EventDate "2017.06.21"]

1. e4 c5 2. Nf3 e6 3. d4 cxd4 4. Nxd4 Nc6 5. Nc3 Qc7 6. g3 a6 7. Bg2 Nge7 8. Nb3
Ne5 9. a4 b6 10. O-O Bb7 11. Re1 Rc8 12. f4 Nc4 13. Kh1 h5 14. h4 Ng8 15. Nd2
Bb4 16. Nxc4 Qxc4 17. Bd2 Nf6 18. Qe2 O-O 19. Rad1 d6 20. Qd3 e5 21. Re2 Rfe8
22. Rde1 Red8 23. Bf3 a5 24. Rd1 Rd7 25. Kg2 Bxc3 26. Bxc3 Qxa4 27. Qe3 d5 28.
exd5 e4 29. Bxh5 Nxh5 30. g4 Nf6 31. Bxf6 gxf6 32. b3 Qb4 33. c4 a4 34. Qxe4
Qxb3 35. Rd4 Rxc4 36. Qe8+ Kg7 37. g5 Rxd4 38. gxf6+ Kh7 0-1

[Event "10th Asrian Memorial 2017"]
[Site "Yerevan ARM"]
[Date "2017.06.27"]
[Round "7.5"]
[White "Smirnov, Pavel"]
[Black "Yeoh, Li Tian"]
[Result "0-1"]
[WhiteTitle "GM"]
[BlackTitle "IM"]
[WhiteElo "2589"]
[BlackElo "2471"]
[WhiteFideId "4123425"]
[BlackFideId "5702895"]
[EventDate "2017.06.21"]

1. d4 Nf6 2. c4 c5 3. d5 e6 4. Nc3 exd5 5. cxd5 d6 6. e4 g6 7. Nge2 Bg7 8. Ng3
O-O 9. Be2 Na6 10. O-O Nc7 11. a4 a6 12. Bg5 h6 13. Be3 Re8 14. Qd2 Kh7 15. f3
Bd7 16. f4 Bg4 17. Rad1 b5 18. e5 dxe5 19. d6 exf4 20. Bxf4 Ne6 21. Be5 Nd4 22.
Bxd4 cxd4 23. Qxd4 Be6 24. Qf4 Qb6+ 25. Kh1 b4 26. Nce4 Nd5 27. Qf2 Qxf2 28.
Rxf2 Ne3 29. Rd2 Rac8 30. Bxa6 Rc1+ 31. Nf1 f5 32. Ng3 Bc4 33. Bb5 Rd8 34. d7
Be5 35. Bxc4 Nxc4 36. Rc2 Rxc2 37. Rxc2 Nxb2 38. Rc5 Bf6 39. Rb5 Bc3 40. a5 Rxd7
41. Ne2 Rd1 42. Kg1 Ra1 43. g4 fxg4 44. Nxc3 bxc3 45. Rc5 Nd1 46. Kg2 Ra2+ 47.
Kg3 h5 48. Rc7+ Kh6 49. Rc5 c2 0-1

[Event "10th Asrian Memorial 2017"]
[Site "Yerevan ARM"]
[Date "2017.06.27"]
[Round "7.6"]
[White "Gabuzyan, Hovhannes"]
[Black "Maghsoodloo, Parham"]
[Result "1/2-1/2"]
[WhiteTitle "GM"]
[BlackTitle "GM"]
[WhiteElo "2570"]
[BlackElo "2584"]
[WhiteFideId "13303732"]
[BlackFideId "12539929"]
[EventDate "2017.06.21"]

1. Nf3 d5 2. g3 c6 3. Bg2 Bf5 4. O-O Nd7 5. d3 h6 6. Nbd2 Ngf6 7. Re1 e5 8. e4
dxe4 9. dxe4 Be6 10. b3 Bc5 11. Bb2 O-O 12. Qe2 Qc7 13. h3 b5 14. Nh4 Rfe8 15.
Kh1 a5 16. a3 Bf8 17. Nf5 a4 18. b4 c5 19. c3 c4 20. Rad1 Rad8 21. Bc1 Nb6 22.
Nf1 Bxf5 23. exf5 e4 24. Rxd8 Qxd8 25. Be3 Nbd5 26. Bd4 Bd6 27. Qd2 Be5 28. Bxe5
Rxe5 29. Qd4 Qe8 30. Nd2 e3 31. f4 Re7 32. Nxc4 bxc4 33. Bxd5 Nxd5 34. Qxd5 Rd7
35. Qc6 1/2-1/2

[Event "10th Asrian Memorial 2017"]
[Site "Yerevan ARM"]
[Date "2017.06.27"]
[Round "7.7"]
[White "Mikaelyan, Arman"]
[Black "Hovhannisyan, Robert"]
[Result "1/2-1/2"]
[WhiteTitle "IM"]
[BlackTitle "GM"]
[WhiteElo "2444"]
[BlackElo "2621"]
[WhiteFideId "13304852"]
[BlackFideId "13302507"]
[EventDate "2017.06.21"]

1. d4 d5 2. c4 e6 3. Nf3 Nf6 4. Nc3 c5 5. e3 cxd4 6. exd4 Bb4 7. cxd5 Nxd5 8.
Bd2 Nc6 9. Bd3 O-O 10. O-O Be7 11. Re1 Bf6 12. Ne4 Nxd4 13. Nxf6+ Qxf6 14. Ng5
g6 15. Ne4 Qg7 16. Qc1 Nf5 17. Nc3 Nde7 18. Be4 Rd8 19. Bf4 f6 20. Bc7 Rd7 21.
Ba5 Nd6 22. Bf3 Nc4 23. Bb4 Ne5 24. Be4 N7c6 25. Bc5 b6 26. f4 Nd3 27. Qe3 Nxe1
28. Bxc6 Nc2 29. Qxe6+ Qf7 30. Bxd7 Qxe6 31. Bxe6+ Bxe6 32. Rc1 Bf5 33. Nd5 bxc5
34. Ne7+ Kf8 35. Nxf5 Nb4 36. Nd6 Rd8 37. Ne4 Nd3 38. Rd1 Ke7 39. b3 f5 40. Ng5
h6 41. Nf3 Nxf4 42. Rxd8 Kxd8 43. Ne5 Kc7 44. g3 Ne2+ 45. Kf2 Nc1 46. Nxg6 Kd6
47. Ke3 Nxa2 48. Nh4 Ke5 49. Nf3+ Kd5 50. Nh4 Nc1 51. Nxf5 Nxb3 52. Kd3 a5 53.
Nxh6 Nd4 54. Ng4 c4+ 55. Kd2 a4 56. Ne3+ Kc5 57. Kc3 Nb5+ 58. Kc2 a3 59. h4 Kd4
60. Nd1 a2 61. Kb2 Kd3 62. Kxa2 Kd2 63. Nb2 c3 64. Nc4+ Kd3 65. Ne5+ Kd2 66.
Nc4+ Kd3 67. Ne5+ Kd4 68. Nc6+ Kd5 69. Nb4+ Ke4 70. Kb3 Nd4+ 71. Kc4 c2 72. Nxc2
Ke5 1/2-1/2

[Event "10th Asrian Memorial 2017"]
[Site "Yerevan ARM"]
[Date "2017.06.27"]
[Round "7.8"]
[White "Pashikian, Arman"]
[Black "Harutyunian, Tigran K."]
[Result "1/2-1/2"]
[WhiteTitle "GM"]
[BlackTitle "IM"]
[WhiteElo "2603"]
[BlackElo "2523"]
[WhiteFideId "13301578"]
[BlackFideId "13303635"]
[EventDate "2017.06.21"]

1. d4 Nf6 2. Nf3 d5 3. c4 e6 4. g3 Be7 5. Bg2 O-O 6. Nc3 Nbd7 7. Qd3 c6 8. O-O
b6 9. b3 Ba6 10. Rd1 Rc8 11. e4 dxe4 12. Nxe4 b5 13. Nxf6+ Bxf6 14. Ba3 bxc4 15.
bxc4 c5 16. Rab1 Qa5 17. dxc5 Nxc5 18. Qe3 Rfe8 19. Bb4 Qc7 20. Qa3 Bxc4 21.
Rbc1 Ne4 22. Bf1 Qb6 23. Rxc4 Rxc4 24. Bxc4 Bc3 25. Bc5 Qxc5 26. Qxc5 Nxc5 27.
Rc1 Bf6 28. Bb5 Rc8 29. Ne1 Be7 30. Nd3 g6 31. Nxc5 Bxc5 32. Kg2 Rc7 33. f4 Kg7
34. Kf3 h5 35. h4 Kf6 36. Ke4 Ke7 37. Rc2 Rc8 38. Ba6 Rc6 39. Bb5 Rc7 40. Rc1
Kd6 41. Rd1+ Ke7 42. Rc1 f6 43. Rc2 Bb6 44. Rxc7+ Bxc7 45. Kf3 Ba5 46. Bd3 Kf7
47. Bc4 Be1 48. Bb3 a5 49. a4 f5 50. Bc4 Kf6 51. Kg2 e5 52. fxe5+ Kxe5 53. Kh3
f4 54. gxf4+ Kxf4 55. Bd3 Ke5 1/2-1/2

[Event "10th Asrian Memorial 2017"]
[Site "Yerevan ARM"]
[Date "2017.06.28"]
[Round "8.1"]
[White "Kotanjian, Tigran"]
[Black "Martirosyan, Haik M."]
[Result "1/2-1/2"]
[WhiteTitle "GM"]
[BlackTitle "IM"]
[WhiteElo "2486"]
[BlackElo "2516"]
[WhiteFideId "13301250"]
[BlackFideId "13306553"]
[EventDate "2017.06.21"]

1. d4 Nf6 2. c4 d6 3. Nc3 Nbd7 4. e4 e5 5. Nf3 Be7 6. Be2 O-O 7. O-O c6 8. Be3
Ng4 9. Bd2 Qc7 10. Rc1 Re8 11. d5 Ngf6 12. b4 a5 13. a3 axb4 14. axb4 c5 15. b5
Nf8 16. Qb3 b6 17. Ra1 Bb7 18. Qc2 Rxa1 19. Rxa1 Ra8 20. Rxa8 Bxa8 21. Qa2 Bb7
22. Bd3 Bc8 23. g3 g6 24. Qa8 Qb7 25. Qxb7 Bxb7 26. Na4 Bd8 27. Ne1 Ne8 28. f4
f6 29. h4 Kg7 30. f5 Bc8 31. Ng2 g5 32. Be2 Kg8 33. Ne3 h6 34. Kg2 Bd7 35. Kh3
Bc8 36. Kg2 Bd7 37. Nc3 Bc8 38. Ncd1 Bd7 39. Nf2 Be7 40. Bf3 Bd8 41. Nh3 Be7 42.
Nf1 Bd8 43. Nh2 Be7 44. Nf1 Bd8 45. Bc1 Bc8 46. Ne3 Be7 47. Nf2 Bd7 48. Bg4 Ng7
49. Be2 Ne8 50. Kf1 Bc8 51. Bf3 Bd7 52. Ke2 Bc8 53. Bh5 Ng7 54. Bg6 Nxg6 55.
fxg6 f5 56. exf5 Nxf5 57. Nxf5 Bxf5 58. h5 Kg7 59. g4 Bd7 60. Kf3 Bc8 61. Kg3
Bd7 62. Nd1 Bc8 63. Ne3 Bd7 64. Kf3 Bc8 65. Ke4 Kf6 66. Bb2 Bd8 67. Bc3 Bd7 1/2-1/2

[Event "10th Asrian Memorial 2017"]
[Site "Yerevan ARM"]
[Date "2017.06.28"]
[Round "8.2"]
[White "Zhigalko, Andrey"]
[Black "Yeoh, Li Tian"]
[Result "1/2-1/2"]
[WhiteTitle "GM"]
[BlackTitle "IM"]
[WhiteElo "2563"]
[BlackElo "2471"]
[WhiteFideId "13502247"]
[BlackFideId "5702895"]
[EventDate "2017.06.21"]

1. c4 c6 2. e4 d5 3. exd5 cxd5 4. d4 Nf6 5. Nc3 Nc6 6. Bg5 e6 7. c5 Be7 8. Bb5
O-O 9. Nge2 Bd7 10. Bxc6 bxc6 11. O-O Ne8 12. Bf4 g5 13. Bg3 Ng7 14. h3 f6 15.
b4 Re8 16. Qd2 Bf8 17. f4 h6 18. Rab1 Qe7 19. b5 Nf5 20. Bh2 Qf7 21. Ng3 Nh4 22.
bxc6 Bxc6 23. Rbe1 Qg6 24. Qd1 Bg7 25. Nh5 Bh8 26. g3 Nf5 27. g4 Nh4 28. Bg3 f5
29. Kh2 Rab8 30. fxg5 hxg5 31. Qd2 Rb7 32. Ne2 Rh7 33. Bxh4 fxg4 34. hxg4 gxh4
35. Nef4 Qg5 36. Qd3 e5 37. Nh3 Qh6 38. Qf5 Bd7 39. Qg5+ Qxg5 40. Nxg5 Rhe7 41.
dxe5 Rxe5 42. Rxe5 Rxe5 43. Nf7 Re2+ 44. Kh3 Bd4 45. Nh6+ Kh7 46. Nf5 Bxf5 47.
Rxf5 Be5 48. Kxh4 Kg6 49. Nf4+ Bxf4 50. Rxf4 Rh2+ 51. Kg3 Rc2 52. Ra4 Kg5 53.
Rxa7 Rc3+ 54. Kf2 Kxg4 55. Rc7 Kf4 56. Ke2 Ke4 57. a4 Kd4 58. c6 Kc5 59. Kd2 Ra3
60. Rc8 1/2-1/2

[Event "10th Asrian Memorial 2017"]
[Site "Yerevan ARM"]
[Date "2017.06.28"]
[Round "8.3"]
[White "Bortnyk, Olexandr"]
[Black "Kovalenko, Igor"]
[Result "1-0"]
[WhiteTitle "GM"]
[BlackTitle "GM"]
[WhiteElo "2580"]
[BlackElo "2656"]
[WhiteFideId "14120828"]
[BlackFideId "14117908"]
[EventDate "2017.06.21"]

1. e4 c6 2. Nc3 d5 3. Nf3 Bg4 4. h3 Bxf3 5. Qxf3 e6 6. d3 Nd7 7. Be2 Bc5 8. Qg3
Bd4 9. Nd1 Ne7 10. c3 Bf6 11. O-O Qb6 12. Ne3 g6 13. d4 Bg7 14. a4 Qd8 15. exd5
cxd5 16. a5 a6 17. Bd3 O-O 18. Re1 Kh8 19. Ng4 Nf5 20. Qf3 Qh4 21. Bf4 Rae8 22.
Ra4 Qd8 23. Rb4 Qc8 24. Bxf5 gxf5 25. Ne5 Re7 26. Nd3 Rg8 27. c4 Nf6 28. Bg5
dxc4 29. Ne5 h6 30. Rxc4 Qd8 31. Bd2 Kh7 32. Bb4 Rc7 33. Rxc7 Qxc7 34. Qc3 Rc8
35. Qxc7 Rxc7 36. Bd6 Rc2 37. Nxf7 Ne4 38. Be5 Nxf2 39. Bxg7 Kxg7 40. Nd8 Ne4
41. b4 Rc4 42. Nxe6+ Kf6 43. Nc5 Rxd4 44. Rb1 Nd6 45. Re1 Ne4 46. Rb1 Nd6 47.
Re1 h5 48. Re6+ Kg5 49. h4+ Kf4 50. Re7 Rd1+ 51. Kh2 Ne4 52. Ne6+ Ke3 53. Ng7
Kf2 54. Nxf5 Nf6 55. Ng3 Ng4+ 56. Kh3 Kg1 57. Nxh5 Nf2+ 58. Kg3 Rd3+ 59. Kf4
Kxg2 60. Rg7+ Kh3 61. Rxb7 Ng4 62. Ke4 Re3+ 63. Kd4 Rf3 64. b5 axb5 65. a6 Ra3
66. a7 b4 67. Nf4+ Kxh4 68. Nd5 b3 69. Nc7 1-0

[Event "10th Asrian Memorial 2017"]
[Site "Yerevan ARM"]
[Date "2017.06.28"]
[Round "8.4"]
[White "Melkumyan, Hrant"]
[Black "Gabuzyan, Hovhannes"]
[Result "1-0"]
[WhiteTitle "GM"]
[BlackTitle "GM"]
[WhiteElo "2624"]
[BlackElo "2570"]
[WhiteFideId "13302485"]
[BlackFideId "13303732"]
[EventDate "2017.06.21"]

1. d4 Nf6 2. Nf3 e6 3. c4 b6 4. g3 Bb7 5. Bg2 Be7 6. O-O O-O 7. Nc3 Ne4 8. Bd2
Bf6 9. Ne5 Nxc3 10. Bxc3 Bxg2 11. Kxg2 d5 12. Qa4 Qe8 13. Qxe8 Rxe8 14. cxd5
exd5 15. Nd3 Rxe2 16. Nf4 Re6 17. Nxe6 fxe6 18. Rae1 Kf7 19. f4 g6 20. g4 Nc6
21. f5 exf5 22. gxf5 g5 23. Re6 Ne7 24. Re2 Rd8 25. Rc2 Rd7 26. Bd2 a5 27. Be3
h6 28. h3 Nc8 29. Rfc1 Bd8 30. Bg1 Nd6 31. Rc6 Re7 32. Bh2 Nc4 33. R1xc4 dxc4
34. Be5 h5 35. Kf3 Re8 36. Rh6 c5 37. Rh7+ Kf8 38. f6 g4+ 39. hxg4 hxg4+ 40.
Kxg4 Bxf6 41. Bxf6 cxd4 42. Kf5 Re2 43. Bxd4 b5 44. Be5 Kg8 45. Rg7+ Kf8 46. Rc7 1-0

[Event "10th Asrian Memorial 2017"]
[Site "Yerevan ARM"]
[Date "2017.06.28"]
[Round "8.5"]
[White "Maghsoodloo, Parham"]
[Black "Zubov, Alexander"]
[Result "0-1"]
[WhiteTitle "GM"]
[BlackTitle "GM"]
[WhiteElo "2584"]
[BlackElo "2612"]
[WhiteFideId "12539929"]
[BlackFideId "14109409"]
[EventDate "2017.06.21"]

1. d4 Nf6 2. c4 g6 3. Nc3 Bg7 4. e4 d6 5. Nf3 O-O 6. Be2 c6 7. O-O e5 8. Re1
exd4 9. Nxd4 Re8 10. Bf1 Nbd7 11. Nc2 Ne5 12. h3 Be6 13. b3 Nh5 14. Nd4 c5 15.
Nde2 f5 16. exf5 Bxf5 17. Be3 Nd3 18. g4 Rxe3 19. fxe3 Qh4 20. Bg2 Qf2+ 21. Kh1
Qxe3 22. Rf1 Bxc3 23. Nxc3 Ng3+ 24. Kh2 Qe5 25. Rf3 Ne4+ 0-1

[Event "10th Asrian Memorial 2017"]
[Site "Yerevan ARM"]
[Date "2017.06.28"]
[Round "8.6"]
[White "Hakobyan, Hovhannes H."]
[Black "Ter-Sahakyan, Samvel"]
[Result "0-1"]
[BlackTitle "GM"]
[WhiteElo "2196"]
[BlackElo "2598"]
[WhiteFideId "13306308"]
[BlackFideId "13302531"]
[EventDate "2017.06.21"]

1. e4 c5 2. Nf3 d6 3. d4 cxd4 4. Qxd4 Nc6 5. Bb5 a6 6. Bxc6+ bxc6 7. Bg5 h6 8.
Bh4 e5 9. Bxd8 exd4 10. Ba5 Bb7 11. O-O Kd7 12. Nbd2 c5 13. c3 dxc3 14. Bxc3 Re8
15. Rfe1 Re6 16. Rad1 Nf6 17. e5 Nd5 18. Ba5 f6 19. exd6 Rxe1+ 20. Nxe1 Bxd6 21.
Ne4 Re8 22. Nxd6 Kxd6 23. Nd3 Re4 24. b3 Rd4 25. Nb2 Rxd1+ 26. Nxd1 Ke5 27. Ne3
Nb4 28. a3 Nd3 29. Bb6 Bd5 30. Nxd5 Kxd5 31. Kf1 Nc1 32. b4 c4 33. Be3 Na2 34.
Ke2 Nc3+ 35. Kf3 Nb1 36. a4 Nc3 37. a5 Na2 38. b5 axb5 39. a6 Ke5 0-1

[Event "10th Asrian Memorial 2017"]
[Site "Yerevan ARM"]
[Date "2017.06.28"]
[Round "8.7"]
[White "Andriasian, Zaven"]
[Black "Postny, Evgeny"]
[Result "1/2-1/2"]
[WhiteTitle "GM"]
[BlackTitle "GM"]
[WhiteElo "2622"]
[BlackElo "2580"]
[WhiteFideId "13302000"]
[BlackFideId "2804344"]
[EventDate "2017.06.21"]

1. e4 e5 2. Nf3 Nc6 3. Bb5 a6 4. Ba4 Nf6 5. O-O Be7 6. d3 b5 7. Bb3 d6 8. a4 Bd7
9. Nc3 Na5 10. Ba2 c5 11. axb5 axb5 12. Bg5 O-O 13. Nd5 Nc6 14. Nxe7+ Qxe7 15.
Nh4 Be6 16. Bxe6 Qxe6 17. Nf5 h6 18. Bxf6 Qxf6 19. c3 Ne7 20. Nxe7+ Qxe7 21. Qb3
Qe6 22. Qxe6 1/2-1/2